000 00380nam a2200169Ia 4500
003 0STCL
008 150530s9999 xx 000 0 und d
040 _aSTCL
_cSTCL
100 _aUniversity of Madras
245 _aSundrakandam
260 _bUniversity of Madras
_c1925
300 _a0
546 _aMalayalam
942 _2ddc
_cBK
999 _c47437
_d47437
005 20220125170725.0